History Quiz

Random History or Century Quiz
Score 0/30 Timer 05:00
1 Play Today
Event 20(0)0s or 20(1)0s % Correct
Vladimir Putin first time elected as the President???
93%
Eminem released single 'Lose Yourself'???
85.5%
Dan Brown published 'The Da Vinci Code’???
85%
The first episode of 'Lost' aired???
82%
Euro coins and banknotes entered into circulation???
81.9%
Condoleezza Rice became Secretary of State???
81.8%
Malaysia Airlines flight MH370 disappeared???
80%
'Gangnam Style' reached 1B views on YouTube???
79.5%
Halle Berry won Best Actress Oscar???
78.9%
London hosted the Olympic Games for 3rd time???
78.1%
Ronald Reagan died???
77.3%
First International Space Station inhabitants???
76.2%
Silvio Berlusconi become Prime Minister of Italy???
73.8%
Sony PlayStation 4 introduced???
73.8%
The maiden flight of SpaceX Falcon Heavy???
72.9%
Event 20(0)0s or 20(1)0s % Correct
Osama bin Laden killed in Pakistan???
72.6%
Zika virus epidemic???
72.6%
Twitter launched???
71.7%
Papal inauguration of Pope Francis???
71.3%
Syrian Civil War started???
71.2%
The Chicago Cubs won the World Series???
68.6%
Fukushima Daiichi nuclear disaster???
64.8%
China Railway High-speed introduced???
62.9%
Margaret Thatcher died???
59.7%
Google released web browser Chrome???
57.9%
Full version of Minecraft officially released???
54.2%
Discovery of the Higgs boson particle???
49.1%
Michael Phelps' 8 gold medals on a single Olympics???
48.4%
Fidel Castro resigned as President of Cuba???
48.3%
Deepwater Horizon oil spill???
45.5%
Remove Ads.
Support Sporcle.
Get the best of Sporcle when you Go Orange. This ad-free experience offers more features, more stats, and more fun while also helping to support Sporcle. Thank you for becoming a member.

You're not logged in!

Compare scores with friends on all Sporcle quizzes.
OR
Log In

Sporcle TV

Today on Sporcle TV


Watch our educational content, quiz creation guides, and fun videos on Sporcle TV.

Show Comments

Extras

Top Quizzes Today


Score Distribution

Paid Content

Your Account Isn't Verified!

In order to create a playlist on Sporcle, you need to verify the email address you used during registration. Go to your Sporcle Settings to finish the process.

Report this User

Report this user for behavior that violates our Community Guidelines.

Details: